[Event "4MCRV_F"]
[Site "?"]
[Date "2004.??.??"]
[Round "?"]
[White "Sykora, Josef"]
[Black "Priesol, Daniel"]
[Result "0-1"]
[WhiteElo "2399"]
[BlackElo "2304"]
[PlyCount "116"]
[EventDate "2004.??.??"]
[EventType "corr"]
[SourceDate "2004.06.03"]

1. c4 Nf6 2. Nf3 g6 3. g3 Bg7 4. Bg2 O-O 5. O-O d5 6. cxd5 Nxd5 7. Nc3 Nc6 8.
d4 Nb6 9. e3 Re8 10. d5 Na5 11. Nd4 Bd7 12. e4 c6 13. Re1 cxd5 14. exd5 Qc8 15.
Rb1 Bg4 16. Qd2 Bh3 17. Bh1 Nac4 18. Qd1 Bg4 19. Qd3 Qc5 20. Be3 Nxe3 21. fxe3
Rac8 22. Bg2 Nc4 23. h3 Bd7 24. Red1 Qb4 25. Ne4 f5 26. Nc3 Nxb2 27. Qe2 Rxc3
28. Rxb2 Qa4 29. Rd3 Rc7 30. Qf2 Rec8 31. Kh2 b6 32. Rbd2 Rc3 33. Nc6 Rxd3 34.
Rxd3 Bf6 35. Rb3 e5 36. Qb2 Bxc6 37. dxc6 Qc4 38. Rb5 Kg7 39. Qd2 Rc7 40. Qd5
Qc1 41. Qd6 Re7 42. e4 f4 43. Rb3 Rf7 44. g4 Re7 45. h4 Bxh4 46. Rd3 h6 47. a3
b5 48. Rh3 Bg3+ 49. Rxg3 fxg3+ 50. Kh3 Rf7 51. Qxe5+ Kh7 52. Qxb5 Qxa3 53. Qc4
Rc7 54. e5 Qe3 55. Qe6 Rg7 56. Qd6 Qg1 57. Kxg3 Qe1+ 58. Kh2 Qh4+ 0-1

[Event "4MCRV_F"]
[Site "?"]
[Date "2004.??.??"]
[Round "?"]
[White "Sykora, Josef"]
[Black "Pytlik, Lesek"]
[Result "1/2-1/2"]
[WhiteElo "2399"]
[BlackElo "2361"]
[PlyCount "71"]
[EventDate "2004.??.??"]
[EventType "corr"]
[SourceDate "2004.06.03"]

1. c4 Nf6 2. Nf3 c5 3. Nc3 d5 4. cxd5 Nxd5 5. g3 Nc6 6. Bg2 Nxc3 7. bxc3 e5 8.
O-O Be7 9. d3 O-O 10. Rb1 Rb8 11. Be3 Be6 12. Qa4 Qd7 13. Rfe1 f5 14. Nd2 Rbc8
15. f4 exf4 16. Bxf4 g5 17. Be3 b6 18. Nf3 h6 19. Bc1 Bf6 20. Bb2 Rc7 21. Kh1
c4 22. d4 Bd5 23. Nd2 Bxg2+ 24. Kxg2 Qd5+ 25. e4 fxe4 26. Qxc4 Qxc4 27. Nxc4
Nxd4 28. Nd6 Nf3 29. Re2 g4 30. Nxe4 Bg7 31. Nf2 Rc4 32. Rd1 Rf7 33. Rd3 h5 34.
h3 Ne5 35. Rd5 Rc5 36. Rd8+ 1/2-1/2

[Event "4MCRV_F"]
[Site "?"]
[Date "2004.??.??"]
[Round "?"]
[White "Sykora, Josef"]
[Black "Splichal, Josef"]
[Result "1-0"]
[WhiteElo "2399"]
[BlackElo "2279"]
[PlyCount "67"]
[EventDate "2004.??.??"]
[EventType "corr"]
[SourceDate "2004.06.03"]

1. c4 Nf6 2. Nf3 c5 3. Nc3 d5 4. cxd5 Nxd5 5. g3 g6 6. Bg2 Bg7 7. O-O O-O 8.
Nxd5 Qxd5 9. d3 Nc6 10. Be3 Bg4 11. Qa4 Qd7 12. Bxc5 Bxb2 13. Rab1 Bg7 14. h3
Bxh3 15. Bxh3 Qxh3 16. Rxb7 Qe6 17. Be3 Rab8 18. Rxb8 Rxb8 19. Rc1 Rc8 20. Qb5
Qd7 21. Rc4 e6 22. a4 Qd6 23. Bf4 Qd7 24. a5 g5 25. Bxg5 e5 26. Be3 Rc7 27. a6
Bf6 28. d4 exd4 29. Bxd4 Bxd4 30. Nxd4 Ne7 31. Qb8+ Rc8 32. Qb7 Rd8 33. e3 Qe8
34. Qxa7 1-0

[Event "4MCRV_F"]
[Site "?"]
[Date "2004.??.??"]
[Round "?"]
[White "Sykora, Josef"]
[Black "Valak, Alois"]
[Result "1/2-1/2"]
[WhiteElo "2399"]
[BlackElo "2250"]
[PlyCount "73"]
[EventDate "2004.??.??"]
[EventType "corr"]
[SourceDate "2004.06.03"]

1. c4 e5 2. Nc3 Nc6 3. g3 g6 4. Bg2 Bg7 5. d3 d6 6. e3 Nge7 7. Nge2 Bd7 8. O-O
O-O 9. h3 Rb8 10. b3 Be6 11. Ba3 Re8 12. d4 exd4 13. exd4 d5 14. Rc1 Bh6 15. f4
Nf5 16. Qd2 Bg7 17. cxd5 Ncxd4 18. Nxd4 Bxd4+ 19. Kh2 c5 20. Rfe1 b6 21. Bb2
Bd7 22. Ne4 Bxb2 23. Qxb2 Nd4 24. Nd2 Bf5 25. Nc4 f6 26. Re3 Rxe3 27. Nxe3 Qe7
28. Re1 Re8 29. b4 Qf8 30. bxc5 bxc5 31. Qc3 Bd7 32. Rb1 Qd6 33. Rb2 Bc8 34.
Nf1 Kg7 35. Qa3 Ba6 36. Nd2 Re2 37. Ne4 1/2-1/2

[Event "4MCRV_F"]
[Site "?"]
[Date "2004.??.??"]
[Round "?"]
[White "Valak, Alois"]
[Black "Bucek, Jiri"]
[Result "1/2-1/2"]
[WhiteElo "2250"]
[BlackElo "2336"]
[PlyCount "46"]
[EventDate "2004.??.??"]
[EventType "corr"]
[SourceDate "2004.06.03"]

1. e4 c5 2. Nf3 Nc6 3. Nc3 d6 4. d4 cxd4 5. Nxd4 Nf6 6. f3 e6 7. Be3 Be7 8. Qd2
a6 9. O-O-O O-O 10. g4 Nd7 11. g5 Nxd4 12. Qxd4 b5 13. h4 Bb7 14. h5 Bxg5 15.
h6 Bf6 16. Qxd6 Ne5 17. Qb4 Qc7 18. hxg7 Rfd8 19. Be2 Be7 20. Qb3 Nc6 21. Nb1
Bf6 22. Bd3 Ne5 23. Be2 Rxd1+ 1/2-1/2

[Event "4MCRV_F"]
[Site "?"]
[Date "2004.??.??"]
[Round "?"]
[White "Valak, Alois"]
[Black "Kostal, Jindrich"]
[Result "1/2-1/2"]
[WhiteElo "2250"]
[BlackElo "2390"]
[PlyCount "77"]
[EventDate "2004.??.??"]
[EventType "corr"]
[SourceDate "2004.06.03"]

1. e4 e5 2. Nf3 Nc6 3. Bb5 a6 4. Ba4 Nf6 5. O-O Be7 6. Re1 b5 7. Bb3 O-O 8. h3
Bb7 9. d3 d6 10. a3 Na5 11. Ba2 c5 12. Nc3 Nc6 13. Nd5 Nxd5 14. Bxd5 Qd7 15. c3
Na5 16. Ba2 c4 17. dxc4 Nxc4 18. Bxc4 bxc4 19. Nxe5 Qe6 20. Nf3 Qg6 21. Qd4
Rfe8 22. Bf4 Bf6 23. Qxc4 Bxe4 24. Qa4 d5 25. Bg3 Rec8 26. Nd2 Bf5 27. Nf1 Be4
28. Ne3 Bg5 29. Qd4 Rd8 30. Ng4 Rac8 31. Qa7 Re8 32. f3 h5 33. fxe4 hxg4 34.
exd5 gxh3 35. Qd7 f5 36. Qd6 Qh5 37. Bf2 Bd2 38. Rxe8+ Rxe8 39. gxh3 1/2-1/2

[Event "4MCRV_F"]
[Site "?"]
[Date "2004.??.??"]
[Round "?"]
[White "Valak, Alois"]
[Black "Kuchta, Jiri"]
[Result "1-0"]
[WhiteElo "2250"]
[BlackElo "2284"]
[PlyCount "99"]
[EventDate "2004.??.??"]
[EventType "corr"]
[SourceDate "2004.06.03"]

1. e4 c5 2. Nf3 Nc6 3. d4 cxd4 4. Nxd4 Nf6 5. Nc3 e5 6. Ndb5 d6 7. Bg5 a6 8.
Na3 b5 9. Bxf6 gxf6 10. Nd5 Bg7 11. Bd3 Ne7 12. Nxe7 Qxe7 13. c4 f5 14. O-O O-O
15. Qf3 Qb7 16. exf5 Qxf3 17. gxf3 bxc4 18. Be4 d5 19. Bxd5 Rb8 20. Nxc4 Bxf5
21. Rfd1 Rfd8 22. Ne3 Bg6 23. b3 Kf8 24. Rac1 Bh6 25. Rc6 a5 26. Rc5 a4 27.
bxa4 Rb4 28. Bb3 Rbd4 29. Rdc1 Bf4 30. Rc8 Ke8 31. a5 Bd3 32. Rxd8+ Kxd8 33.
Rc6 Be2 34. Kg2 Rd7 35. Rf6 h6 36. Nd5 Bg5 37. Rb6 Kc8 38. a6 h5 39. Nb4 Bd8
40. Rc6+ Kb8 41. Rc2 Bxa6 42. Nxa6+ Ka7 43. Nb4 f6 44. Rc6 Kb7 45. Re6 Rg7+ 46.
Kh3 Rd7 47. Nd5 Rf7 48. Re8 Bc7 49. Re7 Rxe7 50. Nxe7 1-0

[Event "4MCRV_F"]
[Site "?"]
[Date "2004.??.??"]
[Round "?"]
[White "Valak, Alois"]
[Black "Nosek, Jaroslav"]
[Result "1-0"]
[WhiteElo "2250"]
[BlackElo "2297"]
[PlyCount "59"]
[EventDate "2004.??.??"]
[EventType "corr"]
[SourceDate "2004.06.03"]

1. e4 e5 2. Nf3 Nc6 3. Bb5 a6 4. Ba4 Nf6 5. O-O Be7 6. Re1 b5 7. Bb3 O-O 8. h3
d6 9. c3 Na5 10. Bc2 c5 11. d3 Bb7 12. Nbd2 Re8 13. Nf1 Bf8 14. Bg5 h6 15. Bh4
c4 16. Ne3 g5 17. Nxg5 hxg5 18. Bxg5 Bg7 19. Nf5 Bc8 20. Nxg7 Kxg7 21. d4 Qd7
22. Re3 Nh7 23. Rg3 Nxg5 24. Rxg5+ Kf8 25. Qh5 Nc6 26. Rd1 exd4 27. cxd4 Ke7
28. e5 Kd8 29. exd6 f6 30. Qf3 1-0

[Event "4MCRV_F"]
[Site "?"]
[Date "2004.??.??"]
[Round "?"]
[White "Valak, Alois"]
[Black "Priesol, Daniel"]
[Result "1/2-1/2"]
[WhiteElo "2250"]
[BlackElo "2304"]
[PlyCount "72"]
[EventDate "2004.??.??"]
[EventType "corr"]
[SourceDate "2004.06.03"]

1. e4 c5 2. Nf3 d6 3. d4 cxd4 4. Nxd4 Nf6 5. Nc3 a6 6. Be3 e5 7. Nb3 Be6 8. f3
Be7 9. Qd2 Nbd7 10. g4 h6 11. O-O-O b5 12. Kb1 Nb6 13. Qf2 Rb8 14. h4 b4 15.
Ne2 Nc4 16. Ng3 Nxe3 17. Qxe3 a5 18. Nf5 Bxf5 19. gxf5 a4 20. Nd2 Qc7 21. Nc4
O-O 22. Rg1 Kh7 23. Qe1 b3 24. cxb3 axb3 25. a3 Rfc8 26. Bd3 Qa7 27. Qa5 Qd7
28. Nb6 Qd8 29. Nc4 Qd7 30. Ne3 Bd8 31. Qd2 Bb6 32. Rg2 Qd8 33. Rc1 Rxc1+ 34.
Kxc1 Rc8+ 35. Kb1 Bd4 36. Rh2 Bxe3 1/2-1/2

[Event "4MCRV_F"]
[Site "?"]
[Date "2004.??.??"]
[Round "?"]
[White "Valak, Alois"]
[Black "Pytlik, Lesek"]
[Result "1/2-1/2"]
[WhiteElo "2250"]
[BlackElo "2304"]
[PlyCount "93"]
[EventDate "2004.??.??"]
[EventType "corr"]
[SourceDate "2004.06.03"]

1. e4 c6 2. d4 d5 3. Nd2 dxe4 4. Nxe4 Nd7 5. Ng5 Ngf6 6. Bd3 e6 7. N1f3 Bd6 8.
Qe2 h6 9. Ne4 Nxe4 10. Qxe4 Nf6 11. Qe2 Qc7 12. O-O O-O 13. Re1 b6 14. Ne5 Bb7
15. Bf4 c5 16. dxc5 Bxc5 17. Rad1 Rfd8 18. Bg3 Bd6 19. c3 a6 20. Rd2 b5 21.
Red1 Bd5 22. Bc2 Rac8 23. Rd4 Qb7 24. Ng4 Nxg4 25. Qxg4 Rc4 26. Rxc4 bxc4 27.
Bxd6 Rxd6 28. b3 f5 29. Qe2 Qc7 30. b4 Qd8 31. a4 Qf6 32. Qe3 Rd7 33. f3 Qg5
34. Qe2 Kf7 35. Bb1 Rd8 36. Ba2 Rc8 37. Qf2 a5 38. b5 Qe7 39. Kh1 Qa3 40. Qc2
Rc7 41. Rd4 Rc8 42. Kg1 Qc5 43. Kf1 Kg8 44. Qc1 Kh8 45. Rd2 Rd8 46. Bb1 Qc7 47.
Kg1 1/2-1/2

[Event "4MCRV_F"]
[Site "?"]
[Date "2004.??.??"]
[Round "?"]
[White "Valak, Alois"]
[Black "Splichal, Josef"]
[Result "1/2-1/2"]
[WhiteElo "2250"]
[BlackElo "2279"]
[PlyCount "82"]
[EventDate "2004.??.??"]
[EventType "corr"]
[SourceDate "2004.06.03"]

1. e4 e5 2. Nf3 Nc6 3. Bb5 a6 4. Ba4 Nf6 5. O-O Be7 6. Re1 b5 7. Bb3 d6 8. c3
O-O 9. h3 Na5 10. Bc2 c5 11. d4 Bb7 12. d5 Nc4 13. b3 Nb6 14. Nbd2 a5 15. Nf1
Qc7 16. Ng3 a4 17. Be3 axb3 18. axb3 Rxa1 19. Qxa1 Ra8 20. Qb2 Bc8 21. Bd3 Bd7
22. Qe2 Ra3 23. Nd2 c4 24. bxc4 Nxc4 25. Nxc4 bxc4 26. Bxc4 Rxc3 27. Bb5 g6 28.
Bxd7 Rc2 29. Qa6 Nxd7 30. Rb1 Kg7 31. Rb7 Qc8 32. Qb5 Rc7 33. Rxc7 Qxc7 34. f3
Bd8 35. Nf1 f5 36. Nd2 Nf6 37. Kh2 Qd7 38. Qa6 Qc7 39. Qa8 Kf7 40. Qa4 Kg7 41.
Qa6 Be7 1/2-1/2

[Event "4MCRV_F"]
[Site "?"]
[Date "2004.??.??"]
[Round "?"]
[White "Valak, Alois"]
[Black "Vozda, Jindrich"]
[Result "1/2-1/2"]
[WhiteElo "2250"]
[BlackElo "2494"]
[PlyCount "60"]
[EventDate "2004.??.??"]
[EventType "corr"]
[SourceDate "2004.06.03"]

1. e4 e5 2. Nf3 Nc6 3. Bb5 a6 4. Ba4 Nf6 5. O-O Be7 6. Re1 b5 7. Bb3 O-O 8. h3
Bb7 9. d3 d6 10. a3 Nb8 11. Nbd2 Nbd7 12. Nf1 Re8 13. Ng3 c6 14. Nf5 Bf8 15.
Bg5 h6 16. Bh4 Bc8 17. Ba2 Nc5 18. b4 Na4 19. Qd2 Bxf5 20. exf5 a5 21. Bb3 Be7
22. c4 Qd7 23. c5 axb4 24. axb4 Qxf5 25. Rac1 Rac8 26. Qa2 Qg6 27. Bg3 Nd5 28.
Bxd5 cxd5 29. Qxd5 dxc5 30. Qd7 Qc6 1/2-1/2

[Event "4MCRV_F"]
[Site "?"]
[Date "2004.??.??"]
[Round "?"]
[White "Vondracek, Emil"]
[Black "Brousek, Jiri"]
[Result "0-1"]
[WhiteElo "2286"]
[BlackElo "2361"]
[PlyCount "84"]
[EventDate "2004.??.??"]
[EventType "corr"]
[SourceDate "2004.06.03"]

1. e4 e6 2. d4 d5 3. Nd2 dxe4 4. Nxe4 Bd7 5. Nf3 Bc6 6. Bd3 Nd7 7. c4 Ngf6 8.
Ng3 Bb4+ 9. Kf1 O-O 10. Bf4 b6 11. Ne5 Nxe5 12. dxe5 Nd7 13. Be4 Bxe4 14. Nxe4
Qh4 15. Qf3 Nc5 16. a3 Nxe4 17. axb4 f5 18. exf6 Nxf6 19. Qg3 Qh5 20. Qg5 Qf7
21. Bg3 Rad8 22. Kg1 Rd4 23. b3 Qd7 24. h3 Ne4 25. Qe5 Nxg3 26. fxg3 Rf5 27.
Qe1 Rd2 28. Qe4 Rff2 29. Rxa7 h5 30. Kh2 Rxg2+ 31. Qxg2 Rxg2+ 32. Kxg2 Qd2+ 33.
Kf3 Qc3+ 34. Kf2 Qc2+ 35. Kf3 Qxb3+ 36. Kf2 Qxc4 37. Rf1 b5 38. Ra6 Qxb4 39.
Rxe6 c5 40. Re8+ Kh7 41. Rfe1 c4 42. R8e5 c3 0-1

[Event "4MCRV_F"]
[Site "?"]
[Date "2004.??.??"]
[Round "?"]
[White "Vondracek, Emil"]
[Black "Dedina, Miroslav"]
[Result "1/2-1/2"]
[WhiteElo "2286"]
[BlackElo "2297"]
[PlyCount "72"]
[EventDate "2004.??.??"]
[EventType "corr"]
[SourceDate "2004.06.03"]

1. e4 e5 2. Nc3 Nc6 3. Bc4 Nf6 4. Nf3 Bc5 5. d3 a6 6. Bg5 h6 7. Bxf6 Qxf6 8.
Nd5 Qd8 9. c3 d6 10. d4 exd4 11. cxd4 Ba7 12. h3 O-O 13. O-O b5 14. Bb3 Bb7 15.
a4 Ne7 16. Qd3 Nxd5 17. exd5 bxa4 18. Bc2 f5 19. Qc4 Rb8 20. Bxa4 g5 21. Rae1
Kg7 22. Nh2 Bc8 23. Re2 Bb6 24. Rfe1 Qf6 25. Re7+ Kh8 26. Qc2 h5 27. b3 Ba5 28.
R1e3 Bb6 29. Bd7 Bxd7 30. Rxd7 Rfe8 31. Nf1 g4 32. hxg4 hxg4 33. Qe2 Rxe3 34.
fxe3 Rf8 35. b4 Kg8 36. Qc2 a5 1/2-1/2

[Event "4MCRV_F"]
[Site "?"]
[Date "2004.??.??"]
[Round "?"]
[White "Vondracek, Emil"]
[Black "Kuchta, Jiri"]
[Result "1/2-1/2"]
[WhiteElo "2286"]
[BlackElo "2284"]
[PlyCount "56"]
[EventDate "2004.??.??"]
[EventType "corr"]
[SourceDate "2004.06.03"]

1. e4 c5 2. Nc3 d6 3. f4 Nc6 4. Bb5 Nf6 5. Nf3 a6 6. Bxc6+ bxc6 7. O-O g6 8. e5
Nd5 9. Ne4 Bg7 10. d3 f5 11. Nf2 O-O 12. Nh3 a5 13. Bd2 a4 14. Qe2 Nc7 15. Rab1
h6 16. Qe1 Be6 17. c4 d5 18. Rc1 Rb8 19. Rc2 Qd7 20. Ba5 Na6 21. Qg3 Bf7 22.
Rfc1 d4 23. Rb1 Nb4 24. Bxb4 Rxb4 25. Qh4 Rfb8 26. Nf2 R4b6 27. Nd2 R8b7 28. b3
Qe6 1/2-1/2

[Event "4MCRV_F"]
[Site "?"]
[Date "2004.??.??"]
[Round "?"]
[White "Vondracek, Emil"]
[Black "Kuta, Jiri"]
[Result "1/2-1/2"]
[WhiteElo "2286"]
[BlackElo "2326"]
[PlyCount "80"]
[EventDate "2004.??.??"]
[EventType "corr"]
[SourceDate "2004.06.03"]

1. e4 c5 2. Nf3 Nc6 3. Nc3 g6 4. d4 cxd4 5. Nxd4 Bg7 6. Be3 Nf6 7. Bc4 O-O 8.
Bb3 a5 9. O-O d6 10. h3 Bd7 11. a4 Rc8 12. Nf3 Nb4 13. Re1 Bc6 14. Bg5 h6 15.
Bxf6 Bxf6 16. Qd2 Kg7 17. Rad1 Qb6 18. e5 dxe5 19. Nxe5 Rcd8 20. Qe2 Rxd1 21.
Rxd1 Qc7 22. Ng4 Qf4 23. Nxf6 Qxf6 24. Qe3 e6 25. Qc5 Qf5 26. Qd4+ Qf6 27. Ne2
Qxd4 28. Nxd4 Rc8 29. Kf1 Kf6 30. Nxc6 Rxc6 31. c3 Na6 32. Bc2 Rb6 33. b3 Rc6
34. Rd3 e5 35. Rf3+ Ke7 36. Re3 Kd6 37. Be4 Rb6 38. Rd3+ Kc7 39. Rd5 Rxb3 40.
Rxa5 Rxc3 1/2-1/2

[Event "4MCRV_F"]
[Site "?"]
[Date "2004.??.??"]
[Round "?"]
[White "Vondracek, Emil"]
[Black "Pravec, Ladislav"]
[Result "1/2-1/2"]
[WhiteElo "2286"]
[BlackElo "2350"]
[PlyCount "86"]
[EventDate "2004.??.??"]
[EventType "corr"]
[SourceDate "2004.06.03"]

1. e4 c5 2. Nc3 Nc6 3. f4 g6 4. Nf3 Bg7 5. Bb5 Nd4 6. O-O Nxb5 7. Nxb5 d6 8. d3
Bd7 9. a4 Bc6 10. Nc3 Nf6 11. Qe1 O-O 12. f5 Qd7 13. Qg3 e6 14. Bg5 exf5 15.
exf5 Rfe8 16. Qh4 Nd5 17. Nxd5 Bxd5 18. f6 Bh8 19. Rf2 Bxf3 20. Rxf3 Re2 21.
Rf2 Rae8 22. Raf1 Rxf2 23. Rxf2 Re1+ 24. Rf1 Rxf1+ 25. Kxf1 Qe6 26. b3 h6 27.
Bxh6 Bxf6 28. Qe4 Qxe4 29. dxe4 g5 30. h4 gxh4 31. Ke2 Kh7 32. Bf4 Be7 33. Kf3
Kg6 34. Kg4 b6 35. Bd2 Kf6 36. Bg5+ Ke6 37. Bxe7 Kxe7 38. Kxh4 Kf6 39. c4 Ke5
40. Kg5 a6 41. g3 Kxe4 42. Kf6 d5 43. cxd5 Kxd5 1/2-1/2

[Event "4MCRV_F"]
[Site "?"]
[Date "2004.??.??"]
[Round "?"]
[White "Vondracek, Emil"]
[Black "Splichal, Josef"]
[Result "1/2-1/2"]
[WhiteElo "2286"]
[BlackElo "2279"]
[PlyCount "142"]
[EventDate "2004.??.??"]
[EventType "corr"]
[SourceDate "2004.06.03"]

1. e4 e5 2. Nf3 Nc6 3. Bc4 Bc5 4. c3 Nf6 5. b4 Bb6 6. d3 d6 7. a4 a6 8. O-O h6
9. h3 O-O 10. Re1 Nh5 11. Na3 Qf6 12. Be3 Bxe3 13. fxe3 Qg6 14. g4 Bd7 15. Nh4
Qg5 16. Nf3 Qg6 17. Kh2 Nf6 18. Qe2 b6 19. Nb1 a5 20. b5 Nd8 21. Rf1 Qh7 22.
Nh4 Nb7 23. Nd2 Nc5 24. Nb3 Ne6 25. Nf5 Rae8 26. Rf2 h5 27. gxh5 d5 28. Bxd5
Nxd5 29. exd5 Nf4 30. exf4 Qxf5 31. Qf3 Qxf4+ 32. Qg3 Qxg3+ 33. Kxg3 e4 34. Rd1
e3 35. Re2 Re5 36. h4 Rxh5 37. Rxe3 f5 38. Re7 f4+ 39. Kf3 Rf7 40. Rxf7 Kxf7
41. Rh1 Bf5 42. Nd4 Bxd3 43. Kxf4 Bc4 44. Ke3 Re5+ 45. Kd2 Rxd5 46. Re1 Rd6 47.
Ke3 Rg6 48. Rd1 Rg2 49. Rd2 Rxd2 50. Kxd2 Kg6 51. Ke3 Kh5 52. Kf4 Ba2 53. Ke5
Kg4 54. Nf5 g6 55. Ne7 Kh5 56. Nd5 Bxd5 57. Kxd5 Kxh4 58. Kc6 g5 59. Kxc7 g4
60. Kxb6 g3 61. Ka6 g2 62. b6 g1=Q 63. b7 Qg3 64. Ka7 Qe3+ 65. Ka8 Qf3 66. Ka7
Qf7 67. Ka8 Qd5 68. c4 Qf3 69. Ka7 Qf7 70. Ka8 Qf3 71. Ka7 Qf7 1/2-1/2

[Event "4MCRV_F"]
[Site "?"]
[Date "2004.??.??"]
[Round "?"]
[White "Vondracek, Emil"]
[Black "Sykora, Josef"]
[Result "1/2-1/2"]
[WhiteElo "2286"]
[BlackElo "2399"]
[PlyCount "99"]
[EventDate "2004.??.??"]
[EventType "corr"]
[SourceDate "2004.06.03"]

1. e4 c6 2. d4 d5 3. e5 Bf5 4. Nc3 e6 5. g4 Bg6 6. Nge2 c5 7. h4 h5 8. Nf4 Bh7
9. Nxh5 Nc6 10. dxc5 Bxc5 11. Bb5 Qc7 12. Bxc6+ Qxc6 13. Qf3 Kf8 14. Bd2 Bxc2
15. Rc1 Bh7 16. Ng3 Qc7 17. Qf4 Ne7 18. Nce2 a5 19. h5 Kg8 20. h6 Be4 21. Nxe4
dxe4 22. Qxe4 Qb6 23. Rh3 gxh6 24. Rb3 Bxf2+ 25. Kf1 Qd8 26. Rd3 Qb6 27. Rd7
Bh4 28. Be3 Qb4 29. Qf3 Qb5 30. Rcc7 Rh7 31. Rxe7 Bxe7 32. Rxb7 Qxe5 33. Bd4
Qd5 34. Qxd5 exd5 35. Rxe7 f6 36. Rxh7 Kxh7 37. Nf4 Rf8 38. Ke2 f5 39. Kf3 a4
40. Be5 Re8 41. Bc3 fxg4+ 42. Kxg4 Rc8 43. Be5 a3 44. bxa3 Rc2 45. Bd6 Rxa2 46.
Kf5 d4 47. Ke4 Kg7 48. Kxd4 Kf6 49. Ke4 Kg5 50. Be7+ 1/2-1/2

[Event "4MCRV_F"]
[Site "?"]
[Date "2004.??.??"]
[Round "?"]
[White "Vondracek, Emil"]
[Black "Valak, Alois"]
[Result "0-1"]
[WhiteElo "2286"]
[BlackElo "2250"]
[PlyCount "98"]
[EventDate "2004.??.??"]
[EventType "corr"]
[SourceDate "2004.06.03"]

1. e4 e5 2. Nf3 Nc6 3. Bc4 Bc5 4. c3 Nf6 5. d4 exd4 6. cxd4 Bb4+ 7. Bd2 Bxd2+
8. Nbxd2 d5 9. exd5 Nxd5 10. O-O O-O 11. Nb3 Bg4 12. h3 Bh5 13. Qd3 Nb6 14.
Nbd2 Qd7 15. Bb5 Nb4 16. Bxd7 Nxd3 17. Bb5 Nb4 18. a3 a6 19. axb4 axb5 20. Ra5
Bxf3 21. Nxf3 c6 22. Rfa1 f6 23. Nd2 Rae8 24. Ra7 Rf7 25. Nb3 Nd5 26. Na5 Ree7
27. Ra8+ Rf8 28. Ra7 Rb8 29. Ra3 Kf7 30. g3 g5 31. Kg2 h5 32. Kf1 Ke6 33. Nb3
Nxb4 34. Nc5+ Kd5 35. Re3 Rbe8 36. Rxb7 Rxe3 37. fxe3 Rxe3 38. Rd7+ Kc4 39. Kf2
Nc2 40. b3+ Kc3 41. Rc7 g4 42. hxg4 hxg4 43. Rxc6 Rf3+ 44. Kg2 Ne3+ 45. Kh2
Kxd4 46. b4 Nf1+ 47. Kg2 Nxg3 48. Ne6+ Kd5 49. Rb6 Nf5 0-1

[Event "4MCRV_F"]
[Site "?"]
[Date "2004.??.??"]
[Round "?"]
[White "Vozda, Jindrich"]
[Black "Brousek, Jiri"]
[Result "1-0"]
[WhiteElo "2494"]
[BlackElo "2361"]
[PlyCount "57"]
[EventDate "2004.??.??"]
[EventType "corr"]
[SourceDate "2004.06.03"]

1. e4 e6 2. d4 d5 3. Nc3 dxe4 4. Nxe4 Bd7 5. Nf3 Bc6 6. Bd3 Nd7 7. O-O Ngf6 8.
Ng3 Be7 9. c4 O-O 10. Bf4 b6 11. Qe2 Bb7 12. Rad1 Re8 13. Bc2 Nf8 14. Ne5 Ng6
15. Bc1 b5 16. b3 bxc4 17. bxc4 Qd6 18. c5 Qd8 19. f4 Qc8 20. f5 Nxe5 21. dxe5
Ba6 22. Qf3 Nd5 23. fxe6 Qxe6 24. Bf5 Bxc5+ 25. Kh1 Qe7 26. Rxd5 Bxf1 27. Ne4
Ba6 28. Qh3 g6 29. Bg5 1-0

[Event "4MCRV_F"]
[Site "?"]
[Date "2004.??.??"]
[Round "?"]
[White "Vozda, Jindrich"]
[Black "Dedina, Miroslav"]
[Result "1-0"]
[WhiteElo "2494"]
[BlackElo "2297"]
[PlyCount "91"]
[EventDate "2004.??.??"]
[EventType "corr"]
[SourceDate "2004.06.03"]

1. e4 e5 2. Nf3 Nc6 3. Bb5 a6 4. Ba4 Nf6 5. O-O b5 6. Bb3 Bb7 7. d3 Bc5 8. Be3
d6 9. Bxc5 dxc5 10. a4 O-O 11. Na3 b4 12. Nc4 Nd7 13. a5 Re8 14. c3 Qf6 15. Ne3
Rab8 16. Re1 Red8 17. Qc1 Nf8 18. Nd5 Qd6 19. Qg5 Kh8 20. Nh4 f6 21. Qg3 Bc8
22. Bc4 g6 23. Qf3 Kg7 24. Rf1 Ne7 25. Nxe7 Qxe7 26. Qg3 Kh8 27. f4 exf4 28.
Qxf4 Be6 29. e5 Bxc4 30. exf6 Qf7 31. dxc4 bxc3 32. bxc3 Rd6 33. Nf3 Qxf6 34.
Qe3 Qe6 35. Ne5 Kg8 36. Qg5 Re8 37. Nf7 Rd7 38. Nh6+ Kh8 39. Rf6 Qe7 40. Raf1
Qg7 41. h4 c6 42. Kh2 Rde7 43. Rf7 Rxf7 44. Rxf7 Qxc3 45. Ng4 h5 46. Qh6+ 1-0

[Event "4MCRV_F"]
[Site "?"]
[Date "2004.??.??"]
[Round "?"]
[White "Vozda, Jindrich"]
[Black "Hladecek, Miloslav"]
[Result "1-0"]
[WhiteElo "2494"]
[BlackElo "2283"]
[PlyCount "99"]
[EventDate "2004.??.??"]
[EventType "corr"]
[SourceDate "2004.06.03"]

1. e4 e6 2. d4 d5 3. Nc3 Nf6 4. e5 Nfd7 5. f4 c5 6. Nf3 Nc6 7. Be3 c4 8. Be2
Ne7 9. O-O Nf5 10. Qd2 Bb4 11. a3 Ba5 12. b3 O-O 13. Bf2 a6 14. b4 Bb6 15. g4
Ne7 16. f5 f6 17. fxe6 Nb8 18. exf6 Rxf6 19. Bh4 Rxe6 20. Ng5 Rxe2 21. Qxe2
Bxd4+ 22. Kh1 Nbc6 23. Ne6 Bxe6 24. Qxe6+ Kh8 25. Bxe7 Nxe7 26. Rf3 Bxc3 27.
Rxc3 Nc6 28. Rd1 d4 29. Qxc4 Qe7 30. Rg3 Qe4+ 31. Kg1 Rf8 32. Qd3 Qe6 33. h3
Kg8 34. Qb3 Qxb3 35. Rxb3 b5 36. Re1 Rf6 37. Kg2 g5 38. Rd3 h6 39. c3 dxc3 40.
Rxc3 Rd6 41. Re8+ Kf7 42. Ra8 Ne5 43. Rc7+ Kf6 44. Rca7 Rd2+ 45. Kf1 Nc4 46.
Rxa6+ Nd6 47. Re8 Rd5 48. Ke2 Kf7 49. Rh8 Kf6 50. Rxd6+ 1-0

[Event "4MCRV_F"]
[Site "?"]
[Date "2004.??.??"]
[Round "?"]
[White "Vozda, Jindrich"]
[Black "Kuta, Jiri"]
[Result "1/2-1/2"]
[WhiteElo "2494"]
[BlackElo "2322"]
[PlyCount "62"]
[EventDate "2004.??.??"]
[EventType "corr"]
[SourceDate "2004.06.03"]

1. e4 c5 2. Nf3 Nc6 3. d4 cxd4 4. Nxd4 Nf6 5. Nc3 e5 6. Ndb5 d6 7. Nd5 Nxd5 8.
exd5 Nb8 9. Be3 a6 10. Na3 Nd7 11. Qd2 Be7 12. Nc4 O-O 13. Be2 f5 14. f4 exf4
15. Bxf4 Nf6 16. a4 Ne4 17. Qb4 Bf6 18. O-O Bd4+ 19. Be3 Qf6 20. Rad1 Bxe3+ 21.
Nxe3 Nc5 22. Nc4 Bd7 23. Nb6 Rae8 24. Bf3 f4 25. Nxd7 Nxd7 26. Rf2 Nc5 27. a5
Re3 28. Rdf1 Qe5 29. b3 Re8 30. Qb6 Re1 31. Qb4 Re3 1/2-1/2

[Event "4MCRV_F"]
[Site "?"]
[Date "2004.??.??"]
[Round "?"]
[White "Vozda, Jindrich"]
[Black "Pravec, Ladislav"]
[Result "1-0"]
[WhiteElo "2494"]
[BlackElo "2350"]
[PlyCount "89"]
[EventDate "2004.??.??"]
[EventType "corr"]
[SourceDate "2004.06.03"]

1. e4 c5 2. Nf3 Nc6 3. d4 cxd4 4. Nxd4 Nf6 5. Nc3 d6 6. Bc4 Qb6 7. Nb3 e6 8.
Bf4 Ne5 9. Be2 a6 10. Be3 Qc7 11. f4 Nc4 12. Bxc4 Qxc4 13. Qf3 e5 14. Nd2 Qb4
15. O-O-O Bg4 16. Qf2 exf4 17. Bb6 Bxd1 18. a3 Ng4 19. Qg1 Qxc3 20. bxc3 Be2
21. Qd4 Ne5 22. Qd5 Bg4 23. Nf3 Rc8 24. Nxe5 dxe5 25. Qxe5+ Be6 26. Kb2 h5 27.
Ba5 h4 28. Bb4 h3 29. Rg1 hxg2 30. Bxf8 Kxf8 31. Rxg2 Rh7 32. Qxf4 Kg8 33. h4
Kh8 34. Qg5 Rg8 35. Rd2 Rh6 36. Rd6 Re8 37. Rb6 f6 38. Qd2 Rxh4 39. e5 Rh6 40.
Rxb7 Kg8 41. Qg2 Bf7 42. exf6 Rg6 43. Qh2 Rxf6 44. Qc7 Kh7 45. c4 1-0

[Event "4MCRV_F"]
[Site "?"]
[Date "2004.??.??"]
[Round "?"]
[White "Vozda, Jindrich"]
[Black "Schwarz, Jan"]
[Result "1-0"]
[WhiteElo "2494"]
[BlackElo "2270"]
[PlyCount "94"]
[EventDate "2004.??.??"]
[EventType "corr"]
[SourceDate "2004.06.03"]

1. e4 c5 2. Nf3 d6 3. Bb5+ Bd7 4. Bxd7+ Qxd7 5. O-O Nf6 6. Re1 Nc6 7. d4 cxd4
8. Nxd4 g6 9. Nc3 Bg7 10. Nf3 O-O 11. Nd5 Ng4 12. c3 e6 13. Ne3 f5 14. exf5
Nxe3 15. Bxe3 Rxf5 16. Qe2 Raf8 17. Rad1 Qe7 18. a3 Kh8 19. h3 d5 20. b4 b6 21.
c4 Qb7 22. Ng5 Qe7 23. f4 e5 24. Bc1 d4 25. Qe4 Qf6 26. Kh1 h6 27. Nf3 exf4 28.
Bb2 Kh7 29. b5 Nd8 30. Bxd4 Qf7 31. Nh4 Rh5 32. Bxg7 Qxg7 33. Qe7 Qxe7 34.
Rxe7+ Rf7 35. Rxf7+ Nxf7 36. Rd7 Kg7 37. Nf3 Kf6 38. Rxa7 Ne5 39. Nxe5 Kxe5 40.
Rb7 Kd4 41. Rxb6 Kxc4 42. a4 Kb4 43. Rxg6 Kxa4 44. b6 Ka5 45. Kg1 Ka6 46. Kf2
Kb7 47. Kf3 Rh4 1-0